100 Dessins animés des années 2000-2010 [Débutant] - Statistiques

Statistiques générales
  • Ce quiz a été pris 7 706 fois
  • Le résultat moyen est 57 sur 100
Statistiques - réponses
Par images Réponse % Correct
Dora l'Exploratrice
100%
Titeuf
98%
Pokémon
96%
Peppa Pig
94%
Trotro
94%
Foot 2 Rue
93%
La Maison de Mickey
93%
Les Simpson
93%
Marsupilami
93%
Garfield et Cie
92%
Hello Kitty
91%
T'choupi
91%
Totally Spies!
91%
Bob l'éponge
90%
Les Dalton
90%
Oggy et les Cafards
89%
Oui-Oui
89%
Winx Club
89%
Ben 10
87%
Les Zinzins de l'espace
87%
Scooby-Doo
87%
Barbapapa
86%
Inspecteur Gadget
86%
Charlotte aux fraises
85%
Famille Pirate
83%
Sam le Pompier
83%
Babar
82%
Lilo et Stitch
81%
Franklin
80%
Miraculous
80%
Ratz
80%
Les Supers Nanas
78%
Petit Ours Brun
78%
SamSam
78%
My Little Pony
77%
Yakari
77%
Corneil et Bernie
76%
Les mystérieuses cités d'Or
76%
Phinéas et Ferb
76%
Tom-Tom et Nana
76%
Il était une fois…
75%
Bisounours
74%
Les Histoires du Père Castor
74%
Les Minijusticiers
74%
Avatar, le dernier maître de l'air
71%
Bob le bricoleur
70%
Lou !
69%
Heidi
68%
Angelo la débrouille
66%
Code Lyoko
64%
Magic
63%
Martin Matin
63%
Wakfu
61%
Mes parrains sont magiques
60%
Le Monde incroyable de Gumball
59%
Martin Mystère
58%
Le Dino Train
56%
Jimmy Neutron
54%
Marcelino
54%
Princesse Sofia
53%
Galactik Football
52%
Kim Possible
49%
Robocar Poli
49%
Le Laboratoire de Dexter
47%
Clifford le gros chien rouge
46%
Souvenirs de Gravity Falls
45%
L'Apprenti Père Noël
44%
Thomas et ses amis
44%
LoliRock
43%
Princesse Sarah
43%
Les Malheurs de Sophie
42%
Le Bus magique
40%
La Ligue des justiciers
38%
Le Manège enchanté
35%
Ariol
31%
Pingu
31%
Atomic Betty
30%
Toupou
26%
Manny et ses outils
25%
Défis extrêmes
21%
Drôles de petites bêtes
17%
Courage, le chien froussard
16%
Angels : L'Alliance des anges
14%
Horseland
11%
Les Petits Einstein
9%
Petit Potam
9%
Mila, raconte mille et une histoires
8%
Rolie Polie Olie
8%
Star Butterfly
8%
Angelina Ballerina
7%
Les Copains de la forêt
7%
Bali
6%
Cars Toon
6%
Mona le vampire
5%
Kiri le clown
4%
L'École des petits vampires
4%
Les Mélodilous
2%
Les Sauvetout
2%
Roary la voiture de course
1%
Skunk Fu!
1%
Aucun quiz correspondant
Distribution des résultats
% des personnes avec chaque résultat
Percentile par nombre de réponses
Votre historique - résultats
Vous n’avez pas pris ce quiz